00440nam a22001457a 4500003000500000038001800005082000800023100002000031245006900051264003300120300002400153650001800177700004200195856005700237NUST aNusrat Nadeem a200 aMuzaffar, Aamna aFactors Confronting Green Finance in Pakistan/cAamna Muzaffar,  aIslamabad,bS3H NUST,c2023. aill:b84,p:c30,cm. aMS-Economics  aSupervisor: Dr. Iftikhar Hussain Adil uhttp://10.250.8.41:8080/xmlui/handle/123456789/42181